LEADER 00694nam0-22002531i-450- 001 990001178520403321 035 $a000117852 035 $aFED01000117852 035 $a(Aleph)000117852FED01 035 $a000117852 100 $a20000920d1972----km-y0itay50------ba 101 0 $aeng 200 1 $aFinely harmonic function$fby FUGLEDE B. 210 $aBerlin [etc.]$cSpringer-Verlag$d1972 225 1 $aLecture Notes in Mathematics$v289 700 1$aFuglede,$bBent$055756 801 0$aIT$bUNINA$gRICA$2UNIMARC 901 $aBK 912 $a990001178520403321 952 $aC-20-(289$b12826$fMA1 959 $aMA1 996 $aFinely harmonic function$9342032 997 $aUNINA DB $aING01 LEADER 02548oam 22006614a 450 001 9910552758303321 005 20241204161543.0 035 $a(CKB)5600000000014837 035 $a(OCoLC)1290013735 035 $a(MdBmJHUP)musev2_93940 035 $a(oapen)https://directory.doabooks.org/handle/20.500.12854/88347 035 $a(oapen)doab88347 035 $a(EXLCZ)995600000000014837 100 $a20100318d1982 uy 0 101 0 $aeng 135 $aur|||||||nn|n 181 $ctxt$2rdacontent 182 $cc$2rdamedia 183 $acr$2rdacarrier 200 10$aBody Movement and Nonverbal Communication$eAn Annotated Bibliography, 1971?1981 /$fedited by Martha Davis and Janet Skupien 210 $cIndiana University Press$d1982 210 1$aBloomington :$cIndiana University Press,$d1982. 215 $a1 online resource (1 online resource xx, 294 pages) $cportraits 225 0 $aAdvances in semiotics 300 $aIncludes indexes. 300 $aSequel to: Understanding body movement. 311 08$a0-253-05409-5 330 $a1410 references to published literature in English, Spanish, German, French, Italian, Dutch, and Portuguese. 12 annotators wrote the abstracts and prepared a subject index. Alphabetical arrangement by primary authors. Each entry gives bibliographical information and abstract. Subject and additional author index. 606 $aLichaamstaal$2gtt 606 $aNon-verbale communicatie$2gtt 606 $aMovement, Psychology of$2fast$3(OCoLC)fst01028522 606 $aBody language$2fast$3(OCoLC)fst00835365 606 $aLangage du corps$xBibliographie 606 $aPsychomotricite$xBibliographie 606 $aNonverbal communication 606 $aBody language 606 $aBody language$vBibliography 606 $aMovement, Psychology of$vBibliography 608 $aBibliographies. 608 $aAbstracts 615 10$aLichaamstaal. 615 10$aNon-verbale communicatie. 615 0$aMovement, Psychology of. 615 0$aBody language. 615 0$aLangage du corps$xBibliographie. 615 0$aPsychomotricite$xBibliographie. 615 0$aNonverbal communication. 615 0$aBody language. 615 0$aBody language 615 0$aMovement, Psychology of 700 $aDavis$b Martha$f1942-$01214097 701 $aSkupien$b Janet$01214098 801 0$bMdBmJHUP 801 1$bMdBmJHUP 906 $aBOOK 912 $a9910552758303321 996 $aBody Movement and Nonverbal Communication$92803850 997 $aUNINA LEADER 02663nam0 2200445 i 450 001 RMG0022246 005 20251003044336.0 020 $aIT$b97-4304 100 $a19990602d1997 ||||0itac50 ba 101 | $aita 102 $ait 181 1$6z01$ai $bxxxe 182 1$6z01$an 200 1 $aˆIl ‰nuovo codice doganale$eannotato per articolo$fa cura di Danilo Biancospino 210 $aPiacenza$cLa tribuna$d[1997] 215 $a2079 p.$d20 cm 300 $aSegue: Appendice di aggiornamento 300 $aIn cop.: 1997; con la normativa nazionale e comunitaria ed i trattati CEE e SEE. 312 $aTit. sul dorso: ˆIl ‰codice doganale$9CFI0033797 517 1 $aˆIl ‰codice doganale. -$9CFI0033797 606 $aDogane$xLegislazione$2FIR$3CFIC008878$9I 676 $a343.4504$9DIRITTO TRIBUTARIO. ITALIA$v23 676 $a343.4505$9DIRITTO TRIBUTARIO. TIPI DI TASSE SECONDO LA BASE IMPOSITIVA. ITALIA$v22 676 $a343.4505602632$9$v20 676 $a343.4505602632$9TRIBUTI DOGANALI (TARIFFE DOGANALI). ITALIA. Leggi singole e raccolte$v21 702 1$aBiancospino$b, Danilo$3CFIV130812 710 02$aItalia$3CFIV000475$4070$0423419 791 02$aRepubblica italiana$3CFIV373023$zItalia 791 12$aRegno d'Italia$f <1861-1946>$3CFIV373024$zItalia 791 02$aItalia$c $3CFIV373025$zItalia 791 02$aItalia$c $3CFIV373026$zItalia 801 3$aIT$bIT-000000$c19990602 850 $aIT-BN0095 901 $bNAP 01$cLT $n$ 901 $bNAP 01$cPOZZO LIB.$nVi sono collocati fondi di economia, periodici di ingegneria e scienze, periodici di economia e statistica e altri fondi comprendenti documenti di economia pervenuti in dono. 912 $aRMG0022246 950 0$aBiblioteca Centralizzata di Ateneo$c1 v.$d 01LT (AR) 20 B 721$e 01AR 0700207215 VMA 1 v.$fB $h20140409$i20140409$c1 v. in quattro copie$d 01LT (AR) 20 725$e 01AR 0700207255 VMA (0004 1 v. (4. copia)$fY $h20190724$i20190724$c1 v. in due copie$d 01LT (AR) 22 B 083$e 01AR 0700220835 VMA (bis 1 v. (2. copia)$fY $h20140416$i20140416$c1 v. in tre copie$d 01LT (AR) 22 B 722$e 01AR 0700207225 VMA (ter 1 v. (3. copia)$fY $h20190724$i20190724$b1 v.$c1 v.$d 01POZZO LIB.ECON MON 7669$e 0101 0060084055E VMA 1 v. (Precedente collocazione ITA 3434505602632)$fB $h20220810$i20220810 977 $a 01 996 $aNuovo codice doganale$966822 997 $aUNISANNIO